Meranie rezných síl v procese obrábania

Salvato in:
Dettagli Bibliografici
Autore principale: Grúber, Roman, 1990- (Autore)
Altri autori: Janáč, Alexander, 1939- (Relatore della tesi)
Natura: Manoscritto Libro
Lingua:slovacco
Pubblicazione: Trnava : STU v Bratislave MTF UVTE KOM, 2012
Soggetti:
Accesso online:VAIS
Tags: Aggiungi Tag
Nessun Tag, puoi essere il primo ad aggiungerne!!

MARC

LEADER 00000ntm a22000003a 4500
001 stu251267
005 20150617230203.8
008 120719s2012----xo------------------slo-d
040 |a STU  |b slo 
041 0 |a slo 
044 |a xo 
100 1 |a Grúber, Roman,  |d 1990-  |4 aut  |u M  |T MTF Materiálovotechnologická fakulta  |X 66024  |U M  |Y 60  |7 A000066024 
242 0 0 |a Measuring the cutting forces in machining  |y eng 
245 1 |a Meranie rezných síl v procese obrábania 
260 |a Trnava :  |b STU v Bratislave MTF UVTE KOM,  |c 2012 
300 |a 55s  |c CD ROM 
650 7 |a počítačová podpora výrobných technológií  |2 stusub 
650 7 |a Computer-Aided Production Technologies  |2 estusub 
650 7 |a dynamometer  |2 stusub 
650 7 |a obrábanie  |2 stusub 
650 7 |a rezné sily  |2 stusub 
700 1 |a Janáč, Alexander,  |d 1939-  |4 ths  |u M3000  |U MTF Materiálovotechnologická fakulta  |T MTF Ústav výrobných technológií  |X 4184  |U M3000  |Y 83  |7 A000004184 
856 4 |a info a plný text  |u http://is.stuba.sk/zp/portal_zp.pl?podrobnosti=66095  |3 VAIS 
996 |c M*BP-6034  |l MMSKP  |s P  |a 0  |w stu251267_0001